000 01474cam a2200325 a 4500
001 000015362
005 20200929164022.0
008 930112s1990 ck a 000 0dspa d
020 _z9586430006
035 _a(DLC) 93103208
040 _aDO-SdBNP
_bspa
_cBNPHU
_dDLC
082 _a923.586
_bN231a
100 1 _aNariño, Antonio,
_d1765-1823
_934716
245 1 0 _aArchivo Nariño /
_ccompilación de Guillermo Hernández de Alba; ordenamiento, Gonzálo Hernández de Alba y Andrés Olivos Lombana.
260 _aBogotá :
_bFundación Francisco de Paula Santander,
_c1990.
300 _av. :
_bil. ;
_c25 cm.
490 1 _aDocumentos
_v58-63
500 _aLa biblioteca posee desde el tomo 2 hasta el 6.
505 0 _gv. 1.
_tInfancia y juventud, 1727-1795 --
_gv. 2.
_tContinúa infancia y juventud, 1795-1810 --
_gv.3.
_tPresidencia de Cundinamarca, 1809-1812 --
_gv.4.
_tContinúa presidencia de Cundinamarca, 1812-1814 --
_gv.5.
_tCampaña del Sur, 1812-1815 --
_gv.6.
_tCárcel, destierro y regreso, 1816-1823.
600 1 4 _aNARIÑO, ANTONIO,
_d1760-1823
_934717
651 4 _aColombia
_xHistoria
_918037
651 4 _aColombia
_xHistoria
_yGUERRA DE LA INDEPENDENCIA, 1810-1822
_934718
700 1 _aHernández de Alba, Guillermo,
_d1906-,
_ecomp.
_934719
700 1 _aHernández de Alba, Gonzálo.
_934720
700 1 _aOlivos Lombana, Andrés.
_934721
830 0 _aDocumentos;
_v58-63
_91047
910 _aCatalogación por copia / LC
910 _aWM
049 _aBNGR
999 _c14927
_d14927